Operational Amplifiers (Record no. 296939)

MARC details
000 -LEADER
fixed length control field 00403nam a2200169Ia 4500
008 - FIXED-LENGTH DATA ELEMENTS--GENERAL INFORMATION
fixed length control field 230718s9999 xx 000 0 und d
041 ## - LANGUAGE CODE
Language code of text/sound track or separate title eng
082 ## - DEWEY DECIMAL CLASSIFICATION NUMBER
Classification number 621.3815
Item number CLA
100 ## - MAIN ENTRY--PERSONAL NAME
Personal name Clayton G.B.
245 ## - TITLE STATEMENT
Title Operational Amplifiers
250 ## - EDITION STATEMENT
Edition statement 2nd ed.
260 ## - PUBLICATION, DISTRIBUTION, ETC. (IMPRINT)
Date of publication, distribution, etc. 1987
Name of publisher, distributor, etc. ELBS
300 ## - PHYSICAL DESCRIPTION
Extent 410
365 ## - TRADE PRICE
Currency code Rs.
Price amount 248.50
700 ## - ADDED ENTRY--PERSONAL NAME
Personal name Clayton G.B.
906 ## - LOCAL DATA ELEMENT F, LDF (RLIN)
d B:14724-Mar-1998
c ETC
b 37.27
Holdings
Withdrawn status Lost status Damaged status Not for loan Home library Current library Date acquired Vendor Budget Code Cost, normal purchase price Bill number Total Checkouts Full call number Barcode Date last seen Discount Cost, replacement price Bill Date Koha item type Original Barcode
        Cummins College of Engineering for Women Pune Cummins College of Engineering for Women Pune 24/03/1998 Book Space ETC 211.23 147   621.3815 CCEP-BK-8145 18/07/2023 37.27 248.50 24/03/1998 Books 008145